000 00198nam a2200109Ia 4500
100 _a#N/A
942 _cBK
245 _aCRYSIS 2 ; Linux distro
260 _b#N/A
546 _aENGLISH
999 _c23930
_d23930